El fraude laboral consensuado. ¿Un nuevo paradigma frente a la dicotomía existente entre la autonomía de la voluntad y el orden público laboral? / (Registro nro. 5990)
[ vista simple ]
| 000 -LEADER | |
|---|---|
| fixed length control field | 01432nab a22002657a 4500 |
| 003 - CONTROL NUMBER IDENTIFIER | |
| control field | OSt |
| 005 - DATE AND TIME OF LATEST TRANSACTION | |
| control field | 20260115183450.0 |
| 008 - FIXED-LENGTH DATA ELEMENTS--GENERAL INFORMATION | |
| fixed length control field | 190605e xxu||||| |||| 00| 0 spa d |
| 040 ## - CATALOGING SOURCE | |
| Transcribing agency | PJ |
| 100 ## - MAIN ENTRY--PERSONAL NAME | |
| 9 (RLIN) | 5129 |
| Personal name | Sfeir, Santiago L. |
| 245 13 - TITLE STATEMENT | |
| Title | El fraude laboral consensuado. ¿Un nuevo paradigma frente a la dicotomía existente entre la autonomía de la voluntad y el orden público laboral? / |
| Statement of responsibility, etc | Santiago L. Sfeir. |
| 260 ## - PUBLICATION, DISTRIBUTION, ETC. (IMPRINT) | |
| Place of publication, distribution, etc | Ciudad Autónoma de Buenos Aires : |
| Name of publisher, distributor, etc | Thomson Reuters La Ley, |
| Date of publication, distribution, etc | 2022. |
| 300 ## - PHYSICAL DESCRIPTION | |
| Extent | p. 114-18 |
| 500 ## - GENERAL NOTE | |
| General note | Cita: TR LALEY AR/DOC/3162/2022.<br/><br/> |
| 505 ## - FORMATTED CONTENTS NOTE | |
| Formatted contents note | Sumario: I. Introducción.— II. El fraude consentido por el trabajador y el principio de autonomía de la voluntad.— III. Comentarios finales. Una nueva realidad para las relaciones individuales del trabajo. |
| 505 ## - FORMATTED CONTENTS NOTE | |
| Formatted contents note | Fallo comentado: CNTrab., sala VI ~ 10/08/2022 ~ Petit de Meurville, Javier Eduardo c. Gimnasios Argentinos SA y otro s/ despido. |
| 505 ## - FORMATTED CONTENTS NOTE | |
| Title | ¿Te interesa el texto completo? Solicitalo al correo: koha@justierradelfuego.gov.ar |
| 650 #0 - SUBJECT ADDED ENTRY--TOPICAL TERM | |
| 9 (RLIN) | 1316 |
| Topical term or geographic name as entry element | DERECHO LABORAL |
| 650 #0 - SUBJECT ADDED ENTRY--TOPICAL TERM | |
| 9 (RLIN) | 1323 |
| Topical term or geographic name as entry element | CONTRATO DE TRABAJO |
| 650 #0 - SUBJECT ADDED ENTRY--TOPICAL TERM | |
| 9 (RLIN) | 4428 |
| Topical term or geographic name as entry element | RELACIÓN DE DEPENDENCIA |
| 650 #0 - SUBJECT ADDED ENTRY--TOPICAL TERM | |
| 9 (RLIN) | 6564 |
| Topical term or geographic name as entry element | RESPONSABILIDAD DEL EMPLEADOR |
| 650 #0 - SUBJECT ADDED ENTRY--TOPICAL TERM | |
| 9 (RLIN) | 6170 |
| Topical term or geographic name as entry element | FRAUDE LABORAL |
| 773 0# - HOST ITEM ENTRY | |
| Host Biblionumber | 2711 |
| Host Itemnumber | 3168 |
| Place, publisher, and date of publication | Ciudad Autónoma de Buenos Aires : Thomson Reuters La Ley, 1999-2002. |
| Title | Revista de derecho del trabajo. Nº 6 - Noviembre 2022 |
| 942 ## - ADDED ENTRY ELEMENTS (KOHA) | |
| Source of classification or shelving scheme | |
| Koha item type | Analítica Artículo de Revista |
No hay ítems disponibles.
